Nástroje na podporu mobilnej interaktívnej geografickej komunikácie

Prezentácia existujúcich a nových mobilných nástrojov s podporou OGC (Open Geospatial Consortium) štandardov interoperability geografických informácií. Geografická báza priemyslových a komunálnych odpadov a mapový server.

Na minha lista:
Detalhes bibliográficos
Autor principal: Mičietová, Eva
Outros Autores: Petříček, Gabriel
Formato: Capítulo de Livro
Idioma:eslovaco
Assuntos:
Tags: Adicionar Tag
Sem tags, seja o primeiro a adicionar uma tag!

MARC

LEADER 00000naa a2200000 4500
001 0165321
005 20231208101229.9
041 0 |a slo 
044 |a SK 
245 1 0 |a Nástroje na podporu mobilnej interaktívnej geografickej komunikácie  |c Eva Mičietová, Gabriel Petříček 
500 |a APVV-0326-11 
520 |a Prezentácia existujúcich a nových mobilných nástrojov s podporou OGC (Open Geospatial Consortium) štandardov interoperability geografických informácií. Geografická báza priemyslových a komunálnych odpadov a mapový server. 
610 2 0 |a informácie geografické 
610 2 0 |a komunikácia 
610 2 0 |a mapy 
610 2 0 |a odpad 
100 1 |a Mičietová, Eva 
700 1 |a Petříček, Gabriel